| 000 | 00903nam a22003017a 4500 | ||
|---|---|---|---|
| 001 | 5313 | ||
| 003 | FISKH | ||
| 005 | 20241125165012.0 | ||
| 008 | 241125b cb ||||| |||| 00| 0 eng d | ||
| 020 | _a099455003995 | ||
| 040 |
_aFISKH _beng _cFISKH _dFISKH |
||
| 050 | _aPZ7.C1543 | ||
| 082 | _a437 | ||
| 100 | _aCampbell, Joanna | ||
| 245 |
_aAshleigh's Hope / _cCreated by Janna Campbell |
||
| 260 |
_aNew York : _bHarperPaperbacks ; _c1996. |
||
| 300 |
_a179 pages : _billustrations ; _c21 cm . |
||
| 490 |
_a Thoroughbred _vSuper 3 |
||
| 505 | _aU | ||
| 520 | _aIn this exciting prequel, readers learn how Ashleigh and her friends first discovered the world of horses. | ||
| 521 | 8 |
_a840
_bLexile |
|
| 521 | 8 |
_aU
_bRaz-Plus |
|
| 650 |
_aanimals _vFiction |
||
| 650 |
_athoroughbred _vFiction |
||
| 700 |
_aBentley, Karen _eauthor |
||
| 942 |
_2ddc _cBK _n0 |
||
| 999 |
_c5313 _d5313 |
||